| 000 | 01786nam a2200277Ia 4500 | ||
|---|---|---|---|
| 999 |
_c55240 _d55240 |
||
| 001 | 22316 | ||
| 003 | GE_BSU | ||
| 005 | 20250806161854.0 | ||
| 008 | 181216s2016||||ge |||||||||||||| ||geo|| | ||
| 040 | _cGE_BSU | ||
| 041 | _ageo | ||
| 080 | _a27:327.36(063) ი-67 | ||
| 245 |
_aინტერრელიგიური დიალოგი მშვიდობისათვის : კონფერენციის მასალები = Interreligious dialogue for peace : Conference materials / _cრელიგიის საკითხთა სახელმწ. სააგენტო ; მთ. რედ. ზაზა ვაშაყმაძე ; რედ. პაატა გერგაია |
||
| 264 |
_aთბილისი : _c2016. |
||
| 300 |
_a100 გვ. : _b ფოტ. ; _c29 სმ. |
||
| 500 | _aყდა აგრეთვე ინგლ. ენაზე | ||
| 520 | _aრეზიუმეები ინგლ. ენაზე | ||
| 541 | _h5 ლ. | ||
| 653 | _aინტერრელიგიური დიალოგი მშვიდობისათვის | ||
| 653 | _aრელიგიური თანასწორობა საქართველოში -- კონფერენციები | ||
| 653 | _aრელიგიური უმცირესობები საქართველოში -- კონფერენციები | ||
| 700 |
_aვაშაყმაძე, ზაზა _eმთ.რედაქტორი _925746 |
||
| 700 |
_aგერგაია, პაატა _eრედაქტორი _925747 |
||
| 710 |
_a რელიგიის საკითხთა სახელმწ. სააგენტო _925748 |
||
| 942 |
_cBK _2udc |
||